[Event "Maresme op 9th"]
[Site "Maresme"]
[Date "2012.11.03"]
[Round "6"]
[White "Duran Gutierrez, Juan Luis"]
[Black "Ruiz Molina, Gabriel"]
[Result "0-1"]
[WhiteElo "2076"]
[BlackElo "2086"]
[PlyCount "93"]
[EventDate "2012.09.29"]
[EventType "swiss"]
[EventRounds "9"]
[EventCountry "ESP"]
[SourceTitle "EXT 2014"]
[Source "ChessBase"]
[SourceDate "2013.11.20"]
[SourceVersion "1"]
[SourceVersionDate "2013.11.20"]
[SourceQuality "1"]

1. e4 e6 2. d4 d5 3. exd5 exd5 4. Nf3 Bd6 5. Bg5 Ne7 6. Bd3 Bg4 7. Nbd2 0-0 8. c3 f6 9. Bh4 Bf5 10. Qc2 Bxd3 11. Qxd3 Ng6 12. 0-0 Qd7 13. Bg3 Nf4 14. Bxf4 Bxf4 15. Rfe1 Nc6 16. Re2 Rae8 17. Rae1 Ne7 18. Re6 c6 19. Qe2 Bd6 20. Nh4 Be5 21. Rxe7 Rxe7 22. dxe5 fxe5 23. Nhf3 e4 24. Nd4 Qd6 25. Qg4 Qf6 26. Rf1 c5 27. Nc2 Qe5 28. Qg3 Qf6 29. Ne3 Qc6 30. Qg5 Rd7 31. c4 d4 32. Nd5 Qe6 33. Re1 h6 34. Qg3 Rdf7 35. Nxe4 Qa6 36. h3 Qxc4 37. Qe5 Qc2 38. Ne7+ Kh7 39. Re2 Qc4 40. Nd6 Qc1+ 41. Kh2 Qf4+ 42. Qxf4 Rxf4 43. Ne4 d3 44. Re1 d2 45. Nxd2 Rxf2 46. Nc4 b5 47. Kg3 0-1

[Event "Barcelona Sant Marti op-B 13th"]
[Site "Barcelona"]
[Date "2011.07.18"]
[Round "6.5"]
[White "Duran Gutierrez, Juan Luis"]
[Black "Pascual Gonzalez, Novelles Carle"]
[Result "1-0"]
[WhiteElo "1903"]
[BlackElo "1975"]
[PlyCount "45"]
[EventDate "2011.07.13"]
[EventType "swiss"]
[EventRounds "9"]
[EventCountry "ESP"]
[SourceTitle "EXT 2024"]
[Source "ChessBase"]
[SourceDate "2023.10.10"]
[SourceVersion "1"]
[SourceVersionDate "2023.10.10"]
[SourceQuality "1"]

1. e4 e6 2. d4 d5 3. exd5 exd5 4. Nf3 Nf6 5. Bg5 Bf5 6. Bd3 Bxd3 7. Qxd3 Bd6 8. Bxf6 Qxf6 9. Qb5+ Nd7 10. Qxd5 Qe7+ 11. Kd1 0-0 12. Re1 Qf6 13. Nbd2 c5 14. Ne4 Qg6 15. Qxd6 Qxg2 16. Qg3 Qxg3 17. hxg3 cxd4 18. Nxd4 f5 19. Ng5 Nb6 20. c3 Nc4 21. Kc2 Nd6 22. Rad1 Rf6 23. Re6 1-0

[Event "Llinars del Valles op-A 5th"]
[Site "Llinars del Valles"]
[Date "2011.04.30"]
[Round "1"]
[White "Duran Gutierrez, Juan Luis"]
[Black "Fernandez Felguera, Agustin"]
[Result "1-0"]
[WhiteElo "1914"]
[BlackElo "1643"]
[PlyCount "53"]
[EventDate "2011.04.30"]
[EventType "swiss"]
[EventRounds "7"]
[EventCountry "ESP"]
[SourceTitle "EXT 2012"]
[Source "ChessBase"]
[SourceDate "2011.11.24"]
[SourceVersion "1"]
[SourceVersionDate "2011.11.24"]
[SourceQuality "1"]

1. e4 e6 2. d4 d5 3. exd5 exd5 4. Nf3 Bd6 5. Bd3 Ne7 6. Bg5 f6 7. Bh4 0-0 8. c4 Bf5 9. c5 Bf4 10. Bg3 Bxg3 11. hxg3 Nbc6 12. Nc3 Re8 13. Kf1 a6 14. Bxf5 Nxf5 15. Qd3 g6 16. g4 Ng7 17. Qd2 Qd7 18. Qh6 Ne6 19. Nxd5 Rf8 20. Re1 Rf7 21. Qxh7+ Rxh7 22. Nxf6+ Kh8 23. Rxh7+ Qxh7 24. Nxh7 Kxh7 25. Rxe6 Rd8 26. Ng5+ Kg7 27. Rxc6 1-0

[Event "Barceloneta op"]
[Site "Barcelona"]
[Date "2001.??.??"]
[Round "1"]
[White "Duran Gutierrez, Juan Luis"]
[Black "Castellano Egea, Einar"]
[Result "0-1"]
[WhiteElo "2035"]
[BlackElo "1785"]
[PlyCount "41"]
[EventDate "2001.09.29"]
[EventType "swiss"]
[EventRounds "9"]
[EventCountry "ESP"]
[SourceTitle "CBM 085 Extra"]
[Source "ChessBase"]
[SourceDate "2002.01.21"]
[SourceVersion "1"]
[SourceVersionDate "2002.01.21"]
[SourceQuality "1"]

1. e4 e6 2. Nf3 d5 3. e5 c5 4. d4 cxd4 5. Qxd4 Nc6 6. Bb5 Bd7 7. Qg4 Nxe5 8. Nxe5 Bxb5 9. Na3 Ba6 10. Qa4+ Ke7 11. Bd2 Qc7 12. Bb4+ Kd8 13. 0-0-0 Bxb4 14. Qxb4 Nf6 15. c4 Rc8 16. Rhe1 Qe7 17. Qa5+ Ke8 18. c5 Ne4 19. Qa4+ Kf8 20. Kb1 Qc7 21. Qd4 0-1